000 01655nam a22001457a 4500
999 _c529082
_d529082
008 250219b ||||| |||| 00| 0 eng d
100 _a Mangan, Catherine Needham, Catherine McKenna, Dave and Lowther, Jason
_950745
245 _aMaking a difference? Attracting new generations into local government
260 _aLocal Government Studies
300 _a50(6), Dec, 2024: p.1074-1083
520 _aThe nature of local government work has radically changed over the past fifty years. Local government officers could once be characterised as processing transactional work (e.g. rent collection). However, the changing nature of public services and increasing expectations of citizens have required more transformational and relational work, alongside new roles and skills. This context may now be shifting again. Fiscal pressures may prompt a return to narrow definitions of statutory responsibilities and transactional relationships. We focus here on the implications of these changes for newer generations of public servants, particularly so-called Millennials. Younger workers express a desire to ‘make a difference’ and don’t necessarily see local government as the sector in which to do this. To recruit and retain the best public servants, local government needs to provide a vision of hope for the future and to articulate how it can be the sector where people can make a difference.- Reproduced https://www.tandfonline.com/doi/full/10.1080/03003930.2024.2417254#abstract
650 _aLocal government, Complexity, Millennials, Generations, Recruitment, Workforce.
_950746
773 _aLocal Government Studies
942 _cAR